Programming ADO.NET / (Record no. 441)
[ view plain ]
| 000 -LEADER | |
|---|---|
| fixed length control field | 01203nac a22003011u 4500 |
| 010 ## - LIBRARY OF CONGRESS CONTROL NUMBER | |
| LC control number | 2002513251 |
| 020 ## - INTERNATIONAL STANDARD BOOK NUMBER | |
| International Standard Book Number | 0471201871 |
| 020 ## - INTERNATIONAL STANDARD BOOK NUMBER | |
| International Standard Book Number | 8126503297 |
| 035 ## - SYSTEM CONTROL NUMBER | |
| System control number | (OCoLC)ocm49350508 |
| 082 04 - DEWEY DECIMAL CLASSIFICATION NUMBER | |
| Classification number | 005.117 |
| Item number | H933 |
| 090 ## - LOCALLY ASSIGNED LC-TYPE CALL NUMBER (OCLC); LOCAL CALL NUMBER (OCLC) | |
| -- | 441 |
| -- | 441 |
| 100 ## - MAIN ENTRY--PERSONAL NAME | |
| Personal name | Hundhausen, Richard. |
| 245 10 - TITLE STATEMENT | |
| Title | Programming ADO.NET / |
| Statement of responsibility, etc | Richard Hundhausen, Steven Borg. |
| 260 ## - PUBLICATION, DISTRIBUTION, ETC. (IMPRINT) | |
| Place of publication, distribution, etc | New York : |
| Name of publisher, distributor, etc | Wiley, |
| Date of publication, distribution, etc | c2002. |
| 300 ## - PHYSICAL DESCRIPTION | |
| Extent | xx, 892 p. : |
| Other physical details | ill. ; |
| Dimensions | 24 cm. |
| 440 #0 - | |
| -- | Gearhead Press in the trenches |
| 500 ## - GENERAL NOTE | |
| General note | "Wiley Computer Publishing." |
| 500 ## - GENERAL NOTE | |
| General note | Includes index. |
| 650 #0 - SUBJECT ADDED ENTRY--TOPICAL TERM | |
| Topical term or geographic name as entry element | Internet programming. |
| 650 #0 - SUBJECT ADDED ENTRY--TOPICAL TERM | |
| Topical term or geographic name as entry element | Microsoft .NET Framework. |
| 700 1# - ADDED ENTRY--PERSONAL NAME | |
| Personal name | Borg, Steven. |
| 856 42 - ELECTRONIC LOCATION AND ACCESS | |
| Materials specified | Contributor biographical information |
| Uniform Resource Identifier | <a href="http://www.loc.gov/catdir/bios/wiley043/2002513251.html">http://www.loc.gov/catdir/bios/wiley043/2002513251.html</a> |
| 856 42 - ELECTRONIC LOCATION AND ACCESS | |
| Materials specified | Publisher description |
| Uniform Resource Identifier | <a href="http://www.loc.gov/catdir/description/wiley036/2002513251.html">http://www.loc.gov/catdir/description/wiley036/2002513251.html</a> |
| 856 42 - ELECTRONIC LOCATION AND ACCESS | |
| Materials specified | Table of contents |
| Uniform Resource Identifier | <a href="http://www.loc.gov/catdir/toc/wiley031/2002513251.html">http://www.loc.gov/catdir/toc/wiley031/2002513251.html</a> |
| 856 42 - ELECTRONIC LOCATION AND ACCESS | |
| Uniform Resource Identifier | <a href="http://www.wiley.com/legacy/compbooks/hundhausen/">http://www.wiley.com/legacy/compbooks/hundhausen/</a> |
| 942 ## - ADDED ENTRY ELEMENTS (KOHA) | |
| Item type | Book - Borrowing |
| Call number prefix | 005.117H933 |
| Withdrawn status | Item status | Source of classification or shelving scheme | Damaged status | Not for loan | Vendor | Home library | Current library | Shelving location | Date acquired | Source of acquisition | Cost, normal purchase price | Total Checkouts | Full call number | Barcode | Date last seen | Cost, replacement price | Koha item type |
|---|---|---|---|---|---|---|---|---|---|---|---|---|---|---|---|---|---|
| Dewey Decimal Classification | Central Library | Central Library | Lower Floor | 06/05/2011 | 170.00 | 005.117 HUN | 000004184 | 15/07/2025 | 212.50 | Book - Borrowing |